O Regramento Jurd̕ico das Sesmarias. O cultivo como fundamento normativo do regime sesmarial no Brasil

Detalles Bibliográficos
Autor Corporativo: LEUD - Livraria e Editora Universitr̀ia de Direito
Formato: Libro
Lenguaje:portugués
Publicado: Brasil LEUD - Livraria e Editora Universitr̀ia de Direito 2014
Materias:
Acceso en línea:Acceso restringido

MARC

LEADER 00000nam a22000007a 4500
005 20160518145920.0
007 cr|||| ||u|
008 160518s2014 bl ||||| |||| 00||0 por d
020 |a 978-85-7456-316-9 
035 |a 14082 
040 |a vLex  
090 |c 6075  |d 6075 
245 1 0 |a O Regramento Jurd̕ico das Sesmarias. O cultivo como fundamento normativo do regime sesmarial no Brasil  |h [Recurso electrn̤ico] /   |c LEUD - Livraria e Editora Universitr̀ia de Direito 
256 |a Servicio en ln̕ea  
260 |a Brasil  |b LEUD - Livraria e Editora Universitr̀ia de Direito  |c 2014 
300 |a 1 recurso electrn̤ico 
506 1 |a Contenido solo disponible en los productos indicados  |d vLex Global  |d vLex Global (Academic Edition, excluding Law Schools)  |d vLex Global (U.S. Academic Edition, Law Schools)  |d vLex Global (U.S. Academic Edition, excluding Law Schools)  |d vLex Global (Academic Edition, Law Schools) 
650 0 4 |a Derecho  |z Brasil  
710 |a LEUD - Livraria e Editora Universitr̀ia de Direito 
740 0 |a vLex libros (servicio en ln̕ea)  
856 4 0 |u http://vlex.com/source/regramento-juridico-sesmarias-14082  |z Acceso restringido  
942 |c BOOK 
999 0 |a Law  |b Brasil